000
00338cam a2200145ua 4500
001
5055
008
150422n II |||gr||||Z||||||asm
040
_a
MAIN
041
_a
English
082
_a
920 DAS
100
_a
DAS, INDOBHUSAN.
245
_a
RAMMOHAN , BIDIYA SAGAR MICHELL
653
_a
Biography, genealogy & insignia
942
_c
BK
999
_c
5041
_d
5041